Encyklopedie českých právních dĕjin VII. svazek, Právo pra - Prob
| Other Authors: | , |
|---|---|
| Format: | Book |
| Language: | Czech |
| PhysicalDescription: | 829 s. tab., grafy 25 cm |
| Published: |
Plzeň Ostrava
Vydavatelství a nakladatelství Aleš Čeněk ; KEY Publishing
2017
|
| ISBN: | 9788073806484 9788074182709 9788073805692 9788074182389 |
| Edition: | Vyd. 1. |
| Subjects: |
MARC
| LEADER | 00000nam a2200000 ac4500 | ||
|---|---|---|---|
| 001 | vtls011632681 | ||
| 003 | SK-MaSNL | ||
| 005 | 20260426003136.0 | ||
| 008 | 210624s2017 xr da f e 000 0 cze | ||
| 015 | |a SNBZSA2017/08 | ||
| 020 | |a 9788073806484 |q (Aleš Čenĕk : viazané) | ||
| 020 | |a 9788074182709 |q (KEY Publishing : viazané) | ||
| 020 | |a 9788073805692 |q (súbor - Aleš Čenĕk) | ||
| 020 | |a 9788074182389 |q (súbor - KEY Publishing) | ||
| 035 | |a 7627B0AB-7F6E-4AD7-9D57-19563F4E606C | ||
| 035 | |a urn:nbn:sk:snk-am3icnb | ||
| 035 | |a urn:nbn:sk:snk-am00e3jj | ||
| 040 | |a SNK |b slo |c SNK |e AACR2 | ||
| 041 | 0 | |a cze |b eng | |
| 043 | |a e-xr--- | ||
| 044 | |a xr |c CZ | ||
| 072 | 7 | |a 34 |x Právo |2 konspekt | |
| 072 | 7 | |a 34 |2 2011 | |
| 080 | |a 34(091) |2 2011 | ||
| 080 | |a (437.3) |2 2011 | ||
| 080 | |a (031) |2 2011 | ||
| 245 | 0 | 0 | |a Encyklopedie českých právních dĕjin |n VII. svazek, |p Právo pra - Prob |c Karel Schelle, Jaromír Tauchen (eds.) |
| 246 | 3 | 0 | |a Právo pra - Prob |
| 250 | |a Vyd. 1. | ||
| 260 | |a Plzeň |b Vydavatelství a nakladatelství Aleš Čeněk ; |a Ostrava |b KEY Publishing |c 2017 | ||
| 300 | |a 829 s. |b tab., grafy |c 25 cm | ||
| 504 | |a Bibliogr. odkazy | ||
| 546 | |a Resumé v angl. jazyku | ||
| 650 | 0 | 7 | |a právne dejiny |2 SNKPH |9 977 |
| 650 | 0 | 7 | |a právo |2 SNKPH |9 976 |
| 650 | 0 | 7 | |a Law |2 SNKPHeng |9 265417 |
| 650 | 0 | 7 | |a History of law |2 SNKPHeng |9 266462 |
| 651 | 7 | |a Česko |2 SNKPH |9 16753 | |
| 651 | 7 | |a Czechia |2 SNKPHeng |9 170107 | |
| 655 | 7 | |a encyklopédie |2 SNKPH |9 28776 | |
| 655 | 7 | |a Encyclopedias |2 SNKPHeng |9 90422 | |
| 700 | 1 | |a Schelle, Karel, |d 1952- |4 edt |9 88115 | |
| 700 | 1 | |a Tauchen, Jaromír, |d 1981- |4 edt |9 237771 | |
| 919 | |a 978-80-7380-648-4 | ||
| 919 | |a 978-80-7418-270-9 | ||
| 958 | |a ZS | ||
| 958 | |a NB | ||
| 999 | |c 936849 |d 938779 | ||
| 952 | |a SNK |b SNK |y PREZ |7 0 |p 17A1270331 |o snkSC 169676/7 |i snk2017/18203 |8 4 |g 56.78 |0 0 |1 0 |4 0 |d 2017-07-24 |f 1 |l 0 |r 2026-02-24 09:06:42 |w 2026-02-24 | ||
| 952 | |t snkENC/7 34(091) |a SNKUST |b SNKUST |y PREZ |7 0 |p 17A1270330 |o snkSC 169676/7 D1 |i snk2017/18205 |8 4 |g 56.78 |0 0 |1 0 |4 0 |d 2017-07-24 |l 0 |r 2025-04-29 00:00:00 |w 2026-02-24 | ||


